Country Flags by Translated Text Motto - Statistics

General Stats
  • This quiz has been taken 120 times
  • The average score is 7 of 16
Answer Stats
Text Country % Correct
There is no god but Allah and Muhammad is his Prophet Saudi Arabia
92%
There is no god but Allah and Muhammad is his Prophet Afghanistan
77%
Order and Progress Brazil
75%
God is the greatest Iraq
71%
God is the greatest Iran
67%
Freedom September 15, 1821 Guatemala
39%
Under the shade I flourish Belize
34%
Union makes strength Haiti
32%
God, Unity, Freedom El Salvador
31%
Always render service with God's guidance Brunei
27%
Freedom San Marino
27%
Further beyond Spain
27%
United virtue is stronger Andorra
23%
God, Homeland, Freedom Dominican Republic
23%
Unity, Peace, Justice Equatorial Guinea
23%
For Gallantry Malta
21%
No matching quizzes found
Score Distribution
Percent of People with Each Score
Percentile by Number Answered
Your Score History
You have not taken this quiz